00457nam a22001457a 4500008004100000020001800041050002000059100002800079245006000107250001100167260003100178300002900209500005000238700002300288170118b xxu||||| |||| 00| 0 eng d a9780030269523 aQC 23 .S47 2000 aSerway Raymond A.d2000 aPhysics for scientists and engineerscRaymond A. Serway a5th ed aFort WorthbSaundersc2000 axxxv,1551p;bill;c25cm. aincludes bibliographical references and index aRobert J. Beichner